10 Suurinta Uusiutuvan Energian Tuottajamaata - Statistics

Yleistilastot
  • Tätä visaa on pelattu 185 kertaa
  • Keskiarvotulos 8 / 10
Vastaustilastot
GWh Uusiutuvan energian tuottaja % Oikein
4,322,038 Yhdysvallat
99%
6,217,907 Kiina
94%
649,119 Saksa
92%
667,438 Kanada
90%
556,184 Ranska
90%
1,090,973 Venäjä
88%
1,057,976 Japani
84%
1,477,564 Intia
78%
578,889 Brasilia
75%
562,603 Etelä-Korea
50%
Ehtoja vastaavia visoja ei löytynyt
Tulosjakauma
Jokaisen tuloksen saaneiden osuus
Persentiili vastausten määrän mukaan
Tuloshistoriasi
Et ole pelannut tätä visaa